Philosophy of right / (Record no. 19842)

MARC details
000 -LEADER
fixed length control field 01364cam a22003854a 4500
001 - CONTROL NUMBER
control field 1163070
003 - CONTROL NUMBER IDENTIFIER
control field BDDh-ASL
005 - DATE AND TIME OF LATEST TRANSACTION
control field 20231015025819.0
008 - FIXED-LENGTH DATA ELEMENTS--GENERAL INFORMATION
fixed length control field 960701r19961896nyu 001 0 eng
010 ## - LIBRARY OF CONGRESS CONTROL NUMBER
LC control number 96028485
020 ## - INTERNATIONAL STANDARD BOOK NUMBER
International Standard Book Number 157392105X (pbk. : alk. paper)
040 ## - CATALOGING SOURCE
Original cataloging agency DLC
Transcribing agency DLC
Modifying agency DLC
-- BDDh-ASL
041 1# - LANGUAGE CODE
Language code of text/sound track or separate title eng
Language code of original ger
042 ## - AUTHENTICATION CODE
Authentication code pcc
050 00 - LIBRARY OF CONGRESS CALL NUMBER
Classification number K230.H43
Item number G7813 1996
082 00 - DEWEY DECIMAL CLASSIFICATION NUMBER
Classification number 320.011
Edition number 20
Item number HEP
100 1# - MAIN ENTRY--PERSONAL NAME
Personal name Hegel, Georg Wilhelm Friedrich,
Dates associated with a name 1770-1831.
240 10 - UNIFORM TITLE
Uniform title Grundlinien der Philosophie des Rechts.
Language of a work English
245 10 - TITLE STATEMENT
Title Philosophy of right /
Statement of responsibility, etc. G.W.F. Hegel ; translated by S.W. Dyde.
260 ## - PUBLICATION, DISTRIBUTION, ETC.
Place of publication, distribution, etc. Amherst, N.Y. :
Name of publisher, distributor, etc. Prometheus Books,
Date of publication, distribution, etc. 1996.
300 ## - PHYSICAL DESCRIPTION
Extent xxx, 365 p. :
Dimensions 22 cm.
440 #0 - SERIES STATEMENT/ADDED ENTRY--TITLE
Title Great books in philosophy
500 ## - GENERAL NOTE
General note Originally published: Hegel's Philosophy of right. London : G. Bell, 1896.
500 ## - GENERAL NOTE
General note Includes indexes.
650 #0 - SUBJECT ADDED ENTRY--TOPICAL TERM
Topical term or geographic name entry element Law
General subdivision Philosophy.
650 #0 - SUBJECT ADDED ENTRY--TOPICAL TERM
Topical term or geographic name entry element Natural law.
650 #0 - SUBJECT ADDED ENTRY--TOPICAL TERM
Topical term or geographic name entry element State, The.
650 #0 - SUBJECT ADDED ENTRY--TOPICAL TERM
Topical term or geographic name entry element Political science.
650 #0 - SUBJECT ADDED ENTRY--TOPICAL TERM
Topical term or geographic name entry element Ethics.
700 1# - ADDED ENTRY--PERSONAL NAME
Personal name Dyde, S. W.
Fuller form of name (Samuel Waters),
Dates associated with a name 1862-
906 ## - LOCAL DATA ELEMENT F, LDF (RLIN)
a 7
b cbc
c orignew
d 1
e ocip
f 19
g y-gencatlg
942 ## - ADDED ENTRY ELEMENTS (KOHA)
Source of classification or shelving scheme Dewey Decimal Classification
Koha item type Books
Holdings
Withdrawn status Lost status Source of classification or shelving scheme Damaged status Not for loan Collection code Home library Current library Shelving location Date acquired Source of acquisition Total Checkouts Full call number Barcode Date last seen Copy number Price effective from Koha item type Public note
    Dewey Decimal Classification   Not For Loan Non-fiction Asiatic Society Library Asiatic Society Library Ludden Collection 12/21/2020 Donated by Prof. David Ludden   320.011 HEP 103228 12/21/2020 C-1 12/21/2020 Books RARE

Powered by Koha